Structural Anthropology / Volume 1 (Record no. 378)
[ view plain ]
| 000 -LEADER | |
|---|---|
| fixed length control field | 01451cam a22001934a 4500 |
| 005 - ΗΜΕΡΟΜΗΝΙΑ ΚΑΙ ΩΡΑ ΤΕΛΕΥΤΑΙΑΣ ΕΝΗΜΕΡΩΣΗΣ | |
| Πεδίο ελέγχου | 20250605163933.0 |
| 008 - FIXED-LENGTH DATA ELEMENTS--GENERAL INFORMATION | |
| Πεδίο ελέγχου σταθερού μήκους | 250528s ||||||||||||||||||||||||d |
| 035 ## - SYSTEM CONTROL NUMBER | |
| System control number | 14758 |
| 020 ## - ISBN | |
| ISBN | 140138218 |
| 040 ## - ΠΗΓΗ ΚΑΤΑΛΟΓΟΓΡΑΦΗΣΗΣ | |
| Φορέας πρωτότυπης καταλογογράφησης | MC Athens Campus Library |
| Γλώσσα καταλογογράφησης | Ελληνικά, Μοντέρνα (1453-) |
| Modifying agency | MC Athens Campus Library |
| Κανόνες περιγραφικής καταλογογράφησης | AACR2 |
| 245 1# - ΤΙΤΛΟΣ ΚΑΙ ΔΗΛΩΣΗ ΥΠΕΥΘΥΝΟΤΗΤΑΣ | |
| Τίτλος | Structural Anthropology / Volume 1 |
| 260 ## - PUBLICATION, DISTRIBUTION, ETC. | |
| Name of publisher, distributor, etc. | Penguin Books, |
| Date of publication, distribution, etc. | 1963 |
| 300 ## - PHYSICAL DESCRIPTION | |
| Extent | 412 |
| 520 ## - SUMMARY, ETC. | |
| Summary, etc. | This book demonstrates his application of the structural method to a wide range of anthropological concerns, including kinship, social organization, religion, mythology and art. Preface, Introduction: History and Anthropology, Language and Kinship, Structural Analysis in Linguistics and in Anthropology, Language and the Analysis of Social Laws, Linguistics and Anthropology, Postscript to Chapters III and IV, Social Organization, The Concept of Archaism in Anthropology, Social Structures of Central and Eastern Brazil, Do Dual Organizations Exist?, Magic and Religion, The Sorcerer and His Magic, The Effectiveness of Symbols, The Structural Study of Myth, Structure and Dialectics, Art, Split Representation in the Art of Asia and America, The Serpent with Fish Inside His Body, Problems of Method and Teaching, Social Structure, Postscript to Chapter XV, The Place of Anthropology in the Social Sciences and Problems Raised in Teaching It, Acknowledgements, Bibliography, Index. |
| 700 1# - ΠΡΟΣΘΕΤΗ ΑΝΑΓΡΑΦΗ--ΦΥΣΙΚΟ ΠΡΟΣΩΠΟ | |
| Personal name | Levi-Strauss Claude |
| 9 (RLIN) | 239 |
| 942 ## - ADDED ENTRY ELEMENTS (KOHA) | |
| Koha item type | Books |
| Τύπος τεκμηρίου | Βιβλιοθήκη | Τρέχουσα τοποθεσία | Barcode | Αριθμός εισαγωγής | Ημερομηνία απόκτησης | Ταξιθετικό σύμβολο | Αριθμός αντιτύπου | Κατάσταση απόσυρσης | Κατάσταση χαμένου | Κατάσταση κατεστραμμένου | Μη δανεισμός | Σύνολο δανεισμών | Ημερομηνία τελευταίας εμφάνισης | Η τιμή ισχύει από |
|---|---|---|---|---|---|---|---|---|---|---|---|---|---|---|
| Books | MC Athens Campus Library | MC Athens Campus Library | 9780000003775 | 4522 | 05/06/2025 | 301.2/08 LEV V.1 | 1 | 05/06/2025 | 05/06/2025 |